[Event "XXX Gold Cup"]
[Site "Merano - Meran ITA"]
[Date "2002.04.??"]
[Round "5"]
[White "Aurlund, Kjell"]
[Black "Joncic, Dragan"]
[Result "1-0"]
[WhiteElo "2013"]
[BlackElo "2087"]
[PlyCount "61"]
[EventDate "2002.04.11"]

1.e4 c5 2.Nf3 d6 3.c3 Nf6 4.Be2 Bg4 5.Qb3 Qb6 6.e5 Nfd7 7.d4 Nc6 8.Be3 
Qxb3 9.axb3 cxd4 10.cxd4 dxe5 11.dxe5 e6 12.Bb5 Bxf3 13.gxf3 Ndxe5 14.Ke2 
Be7 15.f4 Nd7 16.Rc1 Nf6 17.Rxc6 O-O 18.Rc7 Bd6 19.Rxb7 Nd5 20.Raxa7 Rxa7 
21.Rxa7 Nxf4+ 22.Bxf4 Bxf4 23.h3 h5 24.Nd2 Rd8 25.Re7 Rb8 26.Bc4 g5 27.Ne4
h4 28.Nc5 Bc1 29.Nd3 Bf4 30.Kf3 Bh2 31.Kg4 1-0

[Event "XXX Gold Cup"]
[Site "Merano - Meran ITA"]
[Date "2002.04.??"]
[Round "5"]
[White "Haase, Wolfgang"]
[Black "Gerhards, Walter"]
[Result "1/2-1/2"]
[WhiteElo "2059"]
[BlackElo "2143"]
[PlyCount "118"]
[EventDate "2002.04.11"]

1.e4 e6 2.d4 d5 3.Nd2 c5 4.exd5 exd5 5.Bb5+ Bd7 6.Qe2+ Qe7 7.Bxd7+ Nxd7 8.
Ndf3 O-O-O 9.Bg5 f6 10.Be3 g5 11.dxc5 Nxc5 12.O-O-O Nh6 13.Nd4 Bg7 14.h4 
Rhe8 15.Qh5 Ne4 16.Nh3 Ng3 17.Qf3 Nxh1 18.hxg5 Ng8 19.Bf4 Qb4 20.a3 Qc4 
21.Nf5 Bf8 22.Qg4 Rd7 23.Ne3 Qc6 24.Nxd5 fxg5 25.Bxg5 Kb8 26.Bf4+ Bd6 27.
Nb4 Qc7 28.Rxh1 Nf6 29.Qf5 Bxf4+ 30.Nxf4 Qd6 31.Nbd3 Rc8 32.Rh6 Qc7 33.Nb4
Rcd8 34.Nbd3 Ng8 35.Rh5 a6 36.Ne6 Rxd3 37.Nxd8 Rxd8 38.Rxh7 Qd6 39.Qf3 Ne7
40.g4 Nc6 41.Rf7 Qd2+ 42.Kb1 Qe1+ 43.Ka2 Rd1 44.Qf4+ Ka7 45.Qe3+ Qxe3 46.
fxe3 Ne5 47.Rg7 Re1 48.g5 Rxe3 49.Re7 Ng4 50.Rxe3 Nxe3 51.Kb3 Kb6 52.g6 
Nf5 53.Kc4 Kc6 54.a4 Kd6 55.a5 Ng7 56.b4 Ne6 57.b5 axb5+ 58.Kxb5 Kc7 59.c3
Ng7 1/2-1/2

[Event "XXX Gold Cup"]
[Site "Merano - Meran ITA"]
[Date "2002.04.??"]
[Round "5"]
[White "Heinatz, Gundula"]
[Black "Wempe, Juergen"]
[Result "1/2-1/2"]
[WhiteElo "2228"]
[BlackElo "2167"]
[PlyCount "50"]
[EventDate "2002.04.11"]

1.e4 c5 2.Nf3 Nf6 3.e5 Nd5 4.g3 d6 5.Bg2 Nc6 6.d4 cxd4 7.Nxd4 dxe5 8.Nxc6 
bxc6 9.c4 Nb4 10.O-O Qxd1 11.Rxd1 Bg4 12.Rd2 Rc8 13.a3 Na6 14.b4 g6 15.Bb2
Bh6 16.Bxe5 f6 17.Bf4 Bxf4 18.gxf4 Be6 19.Nc3 Bxc4 20.Re1 Rc7 21.Rd4 Bf7 
22.b5 Nb8 23.bxc6 Nxc6 24.Ra4 Nd4 25.Rb4 O-O 1/2-1/2

[Event "XXX Gold Cup"]
[Site "Merano - Meran ITA"]
[Date "2002.04.??"]
[Round "5"]
[White "Jacob, Konrad"]
[Black "Krieger, Hermann"]
[Result "0-1"]
[WhiteElo "2049"]
[BlackElo "2214"]
[PlyCount "40"]
[EventDate "2002.04.11"]

1.e4 c5 2.Nf3 Nc6 3.d4 cxd4 4.c3 dxc3 5.Nxc3 d6 6.Bc4 e6 7.O-O Be7 8.Qe2 
Nf6 9.e5 dxe5 10.Nxe5 Nxe5 11.Qxe5 O-O 12.Rd1 Qb6 13.Be3 Ng4 14.Qg3 Nxe3 
15.fxe3 Qxb2 16.Nb5 a6 17.Nd4 b5 18.Qf3 bxc4 19.Qxa8 Bb7 20.Qxf8+ Kxf8 0-1

[Event "XXX Gold Cup"]
[Site "Merano - Meran ITA"]
[Date "2002.04.??"]
[Round "6"]
[White "Gerhards, Walter"]
[Black "Schuetzhold, Frank"]
[Result "0-1"]
[WhiteElo "2143"]
[BlackElo "2037"]
[PlyCount "72"]
[EventDate "2002.04.11"]

1.e4 d6 2.d4 Nf6 3.Nc3 g6 4.f4 Bg7 5.Nf3 c5 6.h3 cxd4 7.Nxd4 O-O 8.Be2 Qa5
9.O-O Nc6 10.Nb3 Qb6+ 11.Kh1 Be6 12.Nd5 Bxd5 13.exd5 Nb4 14.c4 Rac8 15.Rf3
Qc7 16.Bd2 Na6 17.Bc3 Nc5 18.Nxc5 Qxc5 19.Bd4 Qa5 20.Ra3 Qc7 21.Bd3 b6 22.
Qf3 Nd7 23.Bxg7 Kxg7 24.Re1 Rfe8 25.Rc3 Qc5 26.a3 Nf6 27.Bc2 e6 28.Ba4 Re7
29.Bc6 Qd4 30.f5 e5 31.Rf1 Qe4 32.fxg6 Qxg6 33.b4 Ne4 34.Rd3 Rg8 35.Re1 
Nf6 36.Qf2 Qxd3 0-1

[Event "XXX Gold Cup"]
[Site "Merano - Meran ITA"]
[Date "2002.04.??"]
[Round "6"]
[White "Josting, Friedel"]
[Black "Haase, Wolfgang"]
[Result "1/2-1/2"]
[WhiteElo "2002"]
[BlackElo "2059"]
[PlyCount "88"]
[EventDate "2002.04.11"]

1.Nf3 g6 2.d4 Nf6 3.Bf4 Bg7 4.Nbd2 c5 5.e3 Nc6 6.c3 O-O 7.dxc5 Nh5 8.Bg3 
Nxg3 9.hxg3 Qc7 10.Be2 Ne5 11.Nb3 a5 12.a4 b6 13.Nxe5 Bxe5 14.Bf3 Rb8 15.
Nd4 Bxd4 16.Qxd4 f6 17.Qh4 Rf7 18.cxb6 Qxb6 19.O-O Bb7 20.Rab1 Bxf3 21.
gxf3 Qb3 22.Rfd1 d6 23.Qd4 Rc8 24.Qd5 Qb6 25.Qb5 Qxb5 26.axb5 Rc5 27.c4 
Rxc4 28.Ra1 Rb4 29.Rxa5 Rxb2 30.Rc1 Rf8 31.Rc7 Kf7 32.Raa7 Re8 33.Rab7 Ke6
34.g4 h5 35.Kg2 hxg4 36.fxg4 g5 37.Kg3 Rb3 38.Kf3 Rb4 39.b6 Rb5 40.Rc4 Kd5
41.Rcc7 Ke6 42.Rc1 Kd5 43.Rcc7 Ke6 44.Rc3 Kd5 1/2-1/2

[Event "XXX Gold Cup"]
[Site "Merano - Meran ITA"]
[Date "2002.04.??"]
[Round "6"]
[White "Kelchner, Hans"]
[Black "Gruener, Reinhard"]
[Result "1/2-1/2"]
[WhiteElo "2167"]
[BlackElo "2113"]
[PlyCount "73"]
[EventDate "2002.04.11"]

1.d4 Nf6 2.c4 g6 3.Nc3 Bg7 4.Nf3 O-O 5.e4 d6 6.h3 e5 7.d5 Ne8 8.Bd3 f5 9.
Bg5 Nf6 10.Qd2 f4 11.c5 h6 12.Bxf6 Qxf6 13.cxd6 cxd6 14.Nb5 Na6 15.Rc1 Rf7
16.b4 Bf8 17.Ke2 Be7 18.Nxa7 Bd7 19.Nb5 Bd8 20.a4 g5 21.a5 h5 22.h4 Qg6 
23.hxg5 Bxb5 24.Bxb5 Qxe4+ 25.Kf1 Qxb4 26.Bxa6 Qxd2 27.Nxd2 Bxa5 28.Ne4 
bxa6 29.Rxh5 Bd8 30.Ke2 Rh7 31.Rxh7 Kxh7 32.Kf3 a5 33.Kg4 a4 34.Kf5 a3 35.
g6+ Kg7 36.Nxd6 a2 37.Ra1 1/2-1/2

[Event "XXX Gold Cup"]
[Site "Merano - Meran ITA"]
[Date "2002.04.??"]
[Round "6"]
[White "Krieger, Hermann"]
[Black "Heinatz, Gundula"]
[Result "1-0"]
[WhiteElo "2214"]
[BlackElo "2228"]
[PlyCount "67"]
[EventDate "2002.04.11"]

1.e4 c5 2.Nf3 Nc6 3.d4 cxd4 4.Nxd4 g6 5.Be3 Bg7 6.Nc3 d6 7.Qd2 Nf6 8.f3 
O-O 9.O-O-O Nxd4 10.Bxd4 Be6 11.Kb1 Qc7 12.g4 Rfc8 13.h4 Qa5 14.a3 Rc7 15.
Nb5 Qxd2 16.Rxd2 Rd7 17.Bxa7 Ne8 18.Bd4 f6 19.Be2 Bh6 20.Rdd1 Bf4 21.Bb6 
Bf7 22.Nc3 e6 23.Bb5 Re7 24.Na2 Bh6 25.Bxe8 Rexe8 26.Rxd6 Bf8 27.Rd7 Rec8 
28.Rhd1 Rc6 29.Rxb7 Rac8 30.Rdd7 Be8 31.Rdc7 e5 32.Rxc8 Rxc8 33.Rc7 Rd8 
34.Rg7+ 1-0

[Event "XXX Gold Cup"]
[Site "Merano - Meran ITA"]
[Date "2002.04.??"]
[Round "6"]
[White "Wempe, Juergen"]
[Black "Aurlund, Kjell"]
[Result "1/2-1/2"]
[WhiteElo "2167"]
[BlackElo "2013"]
[PlyCount "61"]
[EventDate "2002.04.11"]

1.d4 g6 2.e4 Bg7 3.c3 d6 4.Bc4 Nf6 5.Qe2 O-O 6.Bg5 c6 7.Nd2 Nbd7 8.e5 dxe5
9.dxe5 Nd5 10.Ngf3 N7b6 11.Bb3 h6 12.Be3 Nxe3 13.fxe3 Nd5 14.O-O Qc7 15.e4
Nf4 16.Qe3 Ne6 17.Rf2 c5 18.Bd5 Nd8 19.Nb3 e6 20.Bc4 b6 21.Rd1 Nc6 22.Bb5 
Nxe5 23.Nxe5 Qxe5 24.Bc6 Rb8 25.Nd2 Qc7 26.Ba4 Ba6 27.Nf3 Rbd8 28.Rfd2 b5 
29.Bc2 Rxd2 30.Qxd2 c4 31.Qd6 1/2-1/2

[Event "XXX Gold Cup"]
[Site "Merano - Meran ITA"]
[Date "2002.04.??"]
[Round "7"]
[White "Gruener, Reinhard"]
[Black "Joncic, Dragan"]
[Result "1/2-1/2"]
[WhiteElo "2113"]
[BlackElo "2087"]
[PlyCount "24"]
[EventDate "2002.04.11"]

1.d4 Nf6 2.Nc3 d5 3.Bg5 e6 4.e4 Be7 5.Bxf6 Bxf6 6.Nf3 c5 7.exd5 exd5 8.
Qe2+ Be6 9.Qb5+ Nd7 10.O-O-O Qc7 11.Qe2 O-O 12.h3 Qf4+ 1/2-1/2

[Event "XXX Gold Cup"]
[Site "Merano - Meran ITA"]
[Date "2002.04.??"]
[Round "7"]
[White "Haase, Wolfgang"]
[Black "Aurlund, Kjell"]
[Result "1/2-1/2"]
[WhiteElo "2059"]
[BlackElo "2013"]
[PlyCount "68"]
[EventDate "2002.04.11"]

1.e4 g6 2.d4 Bg7 3.Be2 d6 4.Nc3 a6 5.Be3 Nd7 6.Nf3 b5 7.a3 Bb7 8.h3 c5 9.
O-O Qc7 10.Re1 Rd8 11.Bd3 cxd4 12.Bxd4 Ngf6 13.Nd5 Bxd5 14.exd5 O-O 15.
Rxe7 Nxd5 16.Bxg7 Nxe7 17.Bxf8 Nxf8 18.Qd2 Nc6 19.a4 Ne5 20.Nd4 Qc5 21.Bf1
Rb8 22.axb5 axb5 23.Ra6 Nc4 24.Qc3 Qc8 25.Rc6 Qb7 26.Bxc4 bxc4 27.Qxc4 
Qxb2 28.Nb3 Qe5 29.f4 Qe3+ 30.Kh1 Qe1+ 31.Kh2 Rb4 32.Qc3 Qxc3 33.Rxc3 Rxf4
34.Rc6 Rf6 1/2-1/2

[Event "XXX Gold Cup"]
[Site "Merano - Meran ITA"]
[Date "2002.04.??"]
[Round "7"]
[White "Jacob, Konrad"]
[Black "Nischler, Hermann"]
[Result "1-0"]
[WhiteElo "2049"]
[BlackElo "1447"]
[PlyCount "78"]
[EventDate "2002.04.11"]

1.e4 Nf6 2.e5 Nd5 3.Nc3 Nxc3 4.bxc3 b6 5.d4 d5 6.f4 e6 7.Nf3 Bb7 8.Bd3 Nd7
9.f5 h6 10.fxe6 fxe6 11.Bg6+ Ke7 12.O-O Nb8 13.Ng5 hxg5 14.Bxg5+ Kd7 15.
Bxd8 Kxd8 16.Qg4 Kd7 17.Rf7+ Kc6 18.Qxe6+ Kb5 19.Bd3+ Ka5 20.Rxc7 Rh6 21.
Qxh6 gxh6 22.Rxb7 Na6 23.Rb1 Rb8 24.Rxa7 b5 25.a4 Kb6 26.Rf7 Nc7 27.Bxb5 
Ka5 28.Rxc7 h5 29.Rb3 h4 30.Bc6 Rxb3 31.cxb3 Kb6 32.Rc8 Bh6 33.Bxd5 Be3+ 
34.Kf1 h3 35.Ke2 Bg1 36.Kd3 hxg2 37.Bxg2 Bxh2 38.Kc4 Bg3 39.Kd5 Bf4 1-0

[Event "XXX Gold Cup"]
[Site "Merano - Meran ITA"]
[Date "2002.04.??"]
[Round "7"]
[White "Schuetzhold, Frank"]
[Black "Wempe, Juergen"]
[Result "1/2-1/2"]
[WhiteElo "2037"]
[BlackElo "2167"]
[PlyCount "65"]
[EventDate "2002.04.11"]

1.b3 e6 2.Bb2 f5 3.g3 Nf6 4.Bg2 Be7 5.f4 c5 6.Nf3 Nc6 7.e3 d5 8.Qe2 Nb4 9.
d3 Ng4 10.a3 Bf6 11.Bxf6 Qxf6 12.c3 Nc6 13.d4 Qe7 14.Nbd2 b6 15.h3 Nf6 16.
Ne5 Bb7 17.Nxc6 Bxc6 18.Bf1 O-O 19.Qd1 Rfc8 20.Ba6 Rc7 21.a4 Be8 22.O-O 
cxd4 23.cxd4 Rc3 24.Qe1 Qc7 25.Rc1 Rb8 26.Nb1 Rxc1 27.Qxc1 Qxc1 28.Rxc1 b5
29.Bxb5 Bxb5 30.axb5 Rxb5 31.Rc8+ Kf7 32.Rc7+ Kg6 33.Nd2 1/2-1/2

[Event "XXX Gold Cup"]
[Site "Merano - Meran ITA"]
[Date "2002.04.??"]
[Round "8"]
[White "Aurlund, Kjell"]
[Black "Jacob, Konrad"]
[Result "1/2-1/2"]
[WhiteElo "2013"]
[BlackElo "2049"]
[PlyCount "21"]
[EventDate "2002.04.11"]

1.e4 d5 2.exd5 Qxd5 3.Nf3 c6 4.d4 Bf5 5.Be2 e6 6.O-O Nd7 7.c4 Qa5 8.Bf4 
Ngf6 9.Qb3 Qb4 10.Qxb4 Bxb4 11.a3 1/2-1/2

[Event "XXX Gold Cup"]
[Site "Merano - Meran ITA"]
[Date "2002.04.??"]
[Round "8"]
[White "Heinatz, Gundula"]
[Black "Kelchner, Hans"]
[Result "0-1"]
[WhiteElo "2228"]
[BlackElo "2167"]
[PlyCount "100"]
[EventDate "2002.04.11"]

1.d4 d5 2.c4 e6 3.Nc3 Nf6 4.Nf3 a6 5.Bg5 Be7 6.e3 dxc4 7.Bxc4 b5 8.Bd3 Bb7
9.Qc2 Nbd7 10.Rd1 Rc8 11.e4 c5 12.d5 e5 13.O-O Bd6 14.Nh4 g6 15.Qd2 Bf8 
16.Be2 h6 17.Bxf6 Qxf6 18.g3 Bg7 19.Bg4 Rd8 20.Qe3 Qd6 21.f4 exf4 22.gxf4 
Bd4 23.Rxd4 cxd4 24.Qxd4 O-O 25.e5 Qc5 26.Rd1 Qxd4+ 27.Rxd4 Nc5 28.f5 Rfe8
29.Nf3 b4 30.Rxb4 Bxd5 31.Nxd5 Rxd5 32.fxg6 fxg6 33.Rb6 Kf7 34.b4 Nd3 35.
e6+ Kf6 36.Rxa6 Nxb4 37.Ra7 Re7 38.Ra8 Kg7 39.a4 h5 40.Bh3 g5 41.Bf1 g4 
42.Nh4 Rxe6 43.Bc4 Rd1+ 44.Kg2 Rd2+ 45.Kg3 Nd5 46.Bxd5 Rxd5 47.Ng2 Rf6 48.
Nf4 h4+ 49.Kxg4 Rd4 50.Kxh4 Rfxf4+ 0-1

[Event "XXX Gold Cup"]
[Site "Merano - Meran ITA"]
[Date "2002.04.??"]
[Round "8"]
[White "Krieger, Hermann"]
[Black "Schuetzhold, Frank"]
[Result "1/2-1/2"]
[WhiteElo "2214"]
[BlackElo "2037"]
[PlyCount "49"]
[EventDate "2002.04.11"]

1.e4 d6 2.d4 Nf6 3.Nc3 g6 4.Be3 Bg7 5.f3 c6 6.Qd2 Qa5 7.Nge2 Nbd7 8.g4 b5 
9.Nc1 b4 10.N3e2 Qb6 11.Nd3 a5 12.a3 bxa3 13.Rxa3 Bb7 14.Bg2 Qc7 15.O-O a4
16.c4 Nb6 17.Rc1 Ba6 18.Qb4 Rb8 19.Qa5 Qb7 20.b3 Ra8 21.Qc3 axb3 22.Rxb3 
Qc7 23.Qb4 Nbd7 24.Qc3 O-O 25.e5 1/2-1/2

[Event "XXX Gold Cup"]
[Site "Merano - Meran ITA"]
[Date "2002.04.??"]
[Round "8"]
[White "Wempe, Juergen"]
[Black "Josting, Friedel"]
[Result "1-0"]
[WhiteElo "2167"]
[BlackElo "2002"]
[PlyCount "59"]
[EventDate "2002.04.11"]

1.d4 Nf6 2.c4 e6 3.Nf3 c5 4.Nc3 cxd4 5.Nxd4 Nc6 6.e4 d6 7.Be3 Be7 8.Be2 a6
9.O-O Bd7 10.Nc2 Qc7 11.b3 h6 12.Qe1 Na7 13.a4 Bc6 14.f3 Nd7 15.Rd1 Nc8 
16.Nd5 exd5 17.exd5 Bxa4 18.bxa4 Ncb6 19.Bd4 O-O 20.Ne3 Bf6 21.a5 Na4 22.
Nf5 Rae8 23.Qg3 Bxd4+ 24.Rxd4 g6 25.Nxh6+ Kg7 26.Nf5+ Kg8 27.Rh4 Nf6 28.
Qg5 Nh5 29.Rxh5 Qd8 30.Rh8+ 1-0

[Event "XXX Gold Cup"]
[Site "Merano - Meran ITA"]
[Date "2002.04.??"]
[Round "9"]
[White "Aurlund, Kjell"]
[Black "Krieger, Hermann"]
[Result "0-1"]
[WhiteElo "2013"]
[BlackElo "2214"]
[PlyCount "80"]
[EventDate "2002.04.11"]

1.e4 c5 2.Nf3 d6 3.c3 Nf6 4.Be2 Nbd7 5.d3 b6 6.Nbd2 Bb7 7.O-O g6 8.d4 Bxe4
9.Nxe4 Nxe4 10.Bc4 e6 11.Re1 d5 12.Bb5 f6 13.Qe2 Qe7 14.c4 Rc8 15.Bf4 Kf7 
16.cxd5 exd5 17.Nd2 cxd4 18.f3 Nxd2 19.Qxe7+ Bxe7 20.Bxd7 Rc2 21.Be6+ Kg7 
22.Rac1 Rxc1 23.Rxc1 Nc4 24.Bxd5 b5 25.b3 Ba3 26.Re1 Ne3 27.Be4 Rc8 28.Kf2
Rc3 29.g4 g5 30.Bxe3 dxe3+ 31.Ke2 Bc5 32.Rd1 h6 33.Rd7+ Kf8 34.Rd8+ Ke7 
35.Rh8 Rc1 36.Rxh6 Ra1 37.Rh7+ Kd6 38.Rf7 Rxa2+ 39.Kd1 e2+ 40.Ke1 Bb4+ 0-1

[Event "XXX Gold Cup"]
[Site "Merano - Meran ITA"]
[Date "2002.04.??"]
[Round "9"]
[White "Haase, Wolfgang"]
[Black "Wulf, Adalbert"]
[Result "1-0"]
[WhiteElo "2059"]
[BlackElo "2041"]
[PlyCount "119"]
[EventDate "2002.04.11"]

1.e4 d5 2.exd5 Nf6 3.Bb5+ Bd7 4.Bc4 Bg4 5.f3 Bf5 6.Nc3 Nbd7 7.d4 Nb6 8.
Bb5+ Bd7 9.Bd3 Nbxd5 10.Nge2 e6 11.a3 c5 12.Ne4 cxd4 13.Nxd4 Qb6 14.c3 e5 
15.Qe2 O-O-O 16.Nc2 h6 17.Qf2 Nxe4 18.Qxb6 Nxb6 19.fxe4 Ba4 20.Ke2 Bd6 21.
Be3 Bc7 22.Ne1 Rhe8 23.c4 Kb8 24.Rc1 Bc6 25.Rf1 f6 26.b4 a6 27.b5 axb5 28.
cxb5 Bd7 29.Nf3 f5 30.Rb1 fxe4 31.Bxe4 Nc4 32.Bc5 b6 33.Rfc1 Nd6 34.Bxd6 
Bxd6 35.Rc4 Bc5 36.Ra4 Kc7 37.Ra7+ Kd6 38.Rd1+ Ke6 39.a4 Re7 40.Rb7 Kf6 
41.h3 Bd4 42.Rf1 Ke6 43.Nxd4+ exd4 44.Kd3 g6 45.Rxb6+ Ke5 46.Bxg6 Rg7 47.
Re1+ Kd5 48.Be4+ Kc5 49.Rxh6 Rg3+ 50.Kd2 Rf8 51.Bf3 Rgxf3 52.gxf3 Rxf3 53.
h4 Ra3 54.Rc1+ Kd5 55.Ra6 Bf5 56.b6 Ra2+ 57.Ke1 Rb2 58.Ra5+ Ke4 59.Rb5 Rh2
60.Rcc5 1-0

[Event "XXX Gold Cup"]
[Site "Merano - Meran ITA"]
[Date "2002.04.??"]
[Round "9"]
[White "Jacob, Konrad"]
[Black "Joncic, Dragan"]
[Result "1-0"]
[WhiteElo "2049"]
[BlackElo "2087"]
[PlyCount "109"]
[EventDate "2002.04.11"]

1.e4 c5 2.Nf3 d6 3.d4 cxd4 4.c3 dxc3 5.Nxc3 Nc6 6.Bc4 e6 7.Qe2 Qc7 8.Bf4 
Nf6 9.O-O Be7 10.Nb5 Qb8 11.e5 Nh5 12.Bg5 dxe5 13.Rfd1 Nf4 14.Qd2 a6 15.
Bxe7 Kxe7 16.Nc3 b5 17.Bf1 Rd8 18.Qe3 Qa7 19.Nxe5 Nxe5 20.Qxe5 Ng6 21.Qg5+
f6 22.Qh5 Rxd1 23.Rxd1 Nf8 24.Qg4 Kf7 25.Qh5+ Kg8 26.Ne4 Qf7 27.Qc5 Bb7 
28.Nd6 Qd7 29.Qb6 Rd8 30.Nxb7 Qxd1 31.Qxd8 Qxd8 32.Nxd8 e5 33.Be2 Nd7 34.
Bg4 Nc5 35.Bc8 a5 36.Nb7 Nd3 37.b3 a4 38.Nd6 axb3 39.axb3 b4 40.Nc4 Kf7 
41.Na5 Nc5 42.f3 g6 43.Kf2 f5 44.Bb7 Ke6 45.Ba8 h5 46.Ke2 h4 47.h3 g5 48.
Ke3 Kf6 49.Bd5 f4+ 50.Ke2 Kf5 51.Nc6 Nd7 52.Be4+ Ke6 53.Nxb4 Kd6 54.Nd3 
Kc7 55.Bf5 1-0

[Event "XXX Gold Cup"]
[Site "Merano - Meran ITA"]
[Date "2002.04.??"]
[Round "9"]
[White "Schuetzhold, Frank"]
[Black "Kelchner, Hans"]
[Result "0-1"]
[WhiteElo "2037"]
[BlackElo "2167"]
[PlyCount "82"]
[EventDate "2002.04.11"]

1.b3 e5 2.Bb2 Nc6 3.c4 Nf6 4.e3 d5 5.cxd5 Nxd5 6.a3 Bd6 7.Qc2 O-O 8.Nf3 
Qe7 9.Nc3 Be6 10.Bc4 Nxc3 11.Qxc3 Rae8 12.Bxe6 Qxe6 13.O-O Qh6 14.e4 Nd4 
15.Kh1 Qf4 16.Qd3 Nxf3 17.gxf3 Bc5 18.Qe2 Rd8 19.Bc3 Bd4 20.Bxd4 Rxd4 21.
d3 Rfd8 22.Rad1 Qf6 23.Rg1 Qa6 24.f4 exf4 25.Qg4 g6 26.h4 Qe6 27.Qxf4 Qh3+
28.Qh2 Rxd3 29.Rb1 c6 30.a4 Qe6 31.Qf4 Rh3+ 32.Kg2 Rxb3 33.Rxb3 Qxb3 34.
Qc7 Qd3 35.Re1 Qd7 36.Qf4 h5 37.Kf1 Qh3+ 38.Kg1 Qg4+ 39.Qxg4 hxg4 40.Rb1 
b6 41.Rb4 c5 0-1

[Event "XXX Gold Cup"]
[Site "Merano - Meran ITA"]
[Date "2002.04.??"]
[Round "9"]
[White "Wempe, Juergen"]
[Black "Gruener, Reinhard"]
[Result "1-0"]
[WhiteElo "2167"]
[BlackElo "2113"]
[PlyCount "55"]
[EventDate "2002.04.11"]

1.d4 Nf6 2.Nf3 g6 3.Nc3 d5 4.e4 Nxe4 5.Nxe4 dxe4 6.Ng5 Bg7 7.Bc4 O-O 8.O-O
h6 9.Nxe4 Qxd4 10.Qxd4 Bxd4 11.Bxh6 Bxb2 12.Bxf8 Bxa1 13.Bxe7 Nc6 14.Ng5 
Nxe7 15.Rxa1 Bf5 16.Re1 Nc6 17.Nxf7 Kf8 18.Ng5 Rd8 19.h3 Rd2 20.g4 Rd4 21.
Bf7 Bxg4 22.Re8+ Kg7 23.Rg8+ Kf6 24.Rxg6+ Ke7 25.hxg4 Rxg4+ 26.Kf1 Rxg5 
27.Rxg5 Kxf7 28.c3 1-0

[Event "XIX C.to Torinese Open"]
[Site "Torino ITA"]
[Date "2002.01.??"]
[Round "?"]
[White "Catana, Costel"]
[Black "Sorcinelli, Francesco"]
[Result "0-1"]
[WhiteElo "1828"]
[BlackElo "1860"]
[PlyCount "60"]
[EventDate "2002.01.21"]

1. e4 c5 2. Nf3 d6 3. d4 cxd4 4. Nxd4 Nf6 5. Nc3 g6 6. Bc4 Bg7 7. O-O O-O 8.
Re1 Nc6 9. Bg5 Qb6 10. Nb3 Be6 11. Bd5 Rac8 12. Be3 Qc7 13. Qd2 a6 14. Bh6 Bxh6
15. Qxh6 Nb4 16. Qd2 b5 17. Bxe6 fxe6 18. Nd4 Qc4 19. e5 Ng4 20. exd6 Rxf2 21.
Qd1 Ne5 22. Kxf2 Nbd3+ 23. cxd3 Qxd4+ 24. Kg3 Nxd3 25. Ne4 Qe5+ 26. Kf3 Qf4+
27. Ke2 Qxe4+ 28. Kd2 Nxe1 29. Rc1 Qd3+ 30. Kxe1 Qe3+ 0-1

[Event "XIX C.to Torinese Open"]
[Site "Torino ITA"]
[Date "2002.01.??"]
[Round "?"]
[White "Giacometto, Mario"]
[Black "Martin, Tiziano"]
[Result "1/2-1/2"]
[WhiteElo "1717"]
[BlackElo "1849"]
[PlyCount "123"]
[EventDate "2002.01.21"]

1. e4 d5 2. exd5 Qxd5 3. Nc3 Qd8 4. d4 Nf6 5. Bg5 c6 6. Bxf6 exf6 7. Bc4 Bb4 8.
a3 Qe7+ 9. Qe2 Ba5 10. Qxe7+ Kxe7 11. Nge2 Be6 12. Bxe6 fxe6 13. O-O-O Nd7 14.
Ne4 Bc7 15. Rhe1 Kf7 16. c4 Rhe8 17. N2c3 Nb6 18. b3 Rad8 19. Nc5 Bd6 20. Nxb7
Bxa3+ 21. Kc2 Rd7 22. Nc5 Bxc5 23. dxc5 Rxd1 24. Rxd1 Nc8 25. Ne4 Ke7 26. Kc3
Rd8 27. Ra1 Rd7 28. Ra6 Rc7 29. b4 f5 30. Ng5 h6 31. Nf3 Kf6 32. Nd4 Ne7 33. b5
cxb5 34. Nxe6 b4+ 35. Kxb4 Nc6+ 36. Kb5 Kxe6 37. Rxc6+ Kd7 38. Rd6+ Kc8 39. c6
Re7 40. Rg6 Kc7 41. Ka6 Re2 42. f3 Re5 43. Rxg7+ Kxc6 44. Rg6+ Kc5 45. Rxh6 Re7
46. Rh4 Re2 47. g3 Ra2+ 48. Kb7 a5 49. h3 a4 50. Rf4 Rg2 51. Rxf5+ Kxc4 52. Ra5
Kb4 53. Ra6 Rxg3 54. h4 Rxf3 55. Rb6+ Kc3 56. Ra6 Kb3 57. Rb6+ Ka2 58. h5 a3
59. h6 Ka1 60. Kc8 a2 61. Kd8 Rh3 62. Ke8 1/2-1/2

[Event "XIX C.to Torinese Open"]
[Site "Torino ITA"]
[Date "2002.01.??"]
[Round "?"]
[White "Ratti, Marco"]
[Black "De Barberis, Massimo"]
[Result "1/2-1/2"]
[WhiteElo "1774"]
[BlackElo "2102"]
[PlyCount "87"]
[EventDate "2002.01.21"]

1. d4 Nf6 2. c4 e6 3. Nf3 c5 4. d5 exd5 5. cxd5 d6 6. h3 g6 7. Nc3 Bg7 8. e4
O-O 9. Bd3 Re8 10. O-O a6 11. a4 Nbd7 12. Bf4 Qc7 13. Qd2 Rb8 14. Rfe1 b6 15.
Rac1 Bb7 16. Nb1 Nh5 17. Bh2 Ne5 18. Nxe5 Bxe5 19. f4 Bd4+ 20. Kh1 Qe7 21. g4
Nf6 22. Bg3 Qd7 23. Rc4 h5 24. f5 Kg7 25. g5 Nxd5 26. Rxd4 cxd4 27. exd5 Bxd5+
28. Kh2 Rxe1 29. f6+ Kf8 30. Qxe1 Re8 31. Qb4 Re6 32. Bxa6 Qc6 33. Qxd4 Bh1 34.
Qd2 Qxa4 35. Bxd6+ Kg8 36. Bc8 Re8 37. Nc3 Qc6 38. Ba6 Rd8 39. Bb5 Rxd6 40.
Bxc6 Rxd2+ 41. Kxh1 Rxb2 42. Ne4 Kf8 43. Kg1 Rc2 44. Bb5 1/2-1/2

[Event "XIX C.to Torinese Open"]
[Site "Torino ITA"]
[Date "2002.01.??"]
[Round "?"]
[White "Ratti, Marco"]
[Black "Ragni, Paolo"]
[Result "1-0"]
[WhiteElo "1774"]
[BlackElo "2070"]
[PlyCount "59"]
[EventDate "2002.01.21"]

1. d4 d5 2. Nf3 Nf6 3. g3 e6 4. Bg2 Bd6 5. O-O Nbd7 6. Nbd2 O-O 7. b3 c6 8. Bb2
Qc7 9. c4 b6 10. Rc1 Ba6 11. Re1 Rad8 12. Qc2 Rc8 13. e4 dxe4 14. Nxe4 Bb4 15.
Re2 Rfe8 16. Ne5 Bb7 17. Ng5 Re7 18. d5 cxd5 19. Nxd7 Rxd7 20. Bxf6 gxf6 21.
Qxh7+ Kf8 22. Rxe6 fxe6 23. Nxe6+ Ke8 24. Nxc7+ Rcxc7 25. Qh8+ Kf7 26. Rd1 d4
27. Bxb7 Rxb7 28. Rxd4 Re7 29. Qh7+ Ke8 30. Qg8# 1-0

[Event "XIX C.to Torinese Open"]
[Site "Torino ITA"]
[Date "2002.01.??"]
[Round "?"]
[White "Sorcinelli, Francesco"]
[Black "Ratti, Marco"]
[Result "1-0"]
[WhiteElo "1860"]
[BlackElo "1774"]
[PlyCount "53"]
[EventDate "2002.01.21"]

1. d4 f5 2. g4 fxg4 3. Bf4 Nf6 4. Nc3 d5 5. h3 g3 6. Bxg3 Bf5 7. e3 e6 8. Nf3
Bb4 9. a3 Bxc3+ 10. bxc3 Ne4 11. Be5 Nxc3 12. Qd2 Ne4 13. Qb4 Nd7 14. Bxg7 Rg8
15. Be5 Nxe5 16. Nxe5 Rb8 17. O-O-O Nxf2 18. Bb5+ c6 19. Rhg1 Bg6 20. Rdf1 a5
21. Qc5 Ne4 22. Bxc6+ bxc6 23. Qxc6+ Ke7 24. Rxg6 Rb1+ 25. Kxb1 Nd2+ 26. Kc1
Nxf1 27. Qxe6+ 1-0

[Event "XIX C.to Torinese Open"]
[Site "Torino ITA"]
[Date "2002.01.??"]
[Round "8"]
[White "Maccagno, Giancarlo"]
[Black "Sorcinelli, Francesco"]
[Result "0-1"]
[WhiteElo "2152"]
[BlackElo "1860"]
[PlyCount "128"]
[EventDate "2002.01.21"]

1. e4 c5 2. c3 Nf6 3. e5 Nd5 4. d4 cxd4 5. Qxd4 e6 6. Nf3 Nc6 7. Qe4 f5 8. Qe2
Qc7 9. g3 b6 10. Bg2 Ncb4 11. Qd1 Ba6 12. cxb4 Nxb4 13. Nc3 Nd3+ 14. Kd2 Nxf2
15. Qa4 Bb7 16. Re1 Ne4+ 17. Ke2 Qxc3 18. Qxe4 fxe4 19. bxc3 exf3+ 20. Bxf3
Bxf3+ 21. Kxf3 Bc5 22. Rd1 Rf8+ 23. Ke4 Rc8 24. Bf4 Be7 25. Rd3 Rc4+ 26. Rd4
Rxc3 27. a4 Bc5 28. Rd2 Rc4+ 29. Kd3 Rd4+ 30. Ke2 Rxd2+ 31. Kxd2 h6 32. a5 Bb4+
33. Kd3 Bxa5 34. Rc1 Kd8 35. Rc4 g5 36. Be3 Rf5 37. Ke4 h5 38. h4 b5 39. Rc5
Bb6 40. Rxb5 Bxe3 41. Kxe3 g4 42. Ra5 d6 43. Rxa7 Rxe5+ 44. Kf4 Rf5+ 45. Ke3
Rf3+ 46. Ke4 Rxg3 47. Kf4 Rf3+ 48. Kg5 Rf5+ 49. Kg6 g3 50. Ra3 g2 51. Rg3 Rf8
52. Kh6 Rf5 53. Rxg2 d5 54. Kg6 Ke7 55. Ra2 Kd6 56. Rd2 Rf1 57. Kxh5 Rg1 58.
Ra2 d4 59. Ra5 e5 60. Ra6+ Kd5 61. Ra5+ Ke4 62. Kh6 d3 63. Ra4+ Ke3 64. Ra5 e4
0-1

[Event "XIX C.to Torinese Open"]
[Site "Torino ITA"]
[Date "2002.01.??"]
[Round "8"]
[White "Malano, Francesco"]
[Black "Ratti, Marco"]
[Result "0-1"]
[WhiteElo "2042"]
[BlackElo "1774"]
[PlyCount "56"]
[EventDate "2002.01.21"]

1. d4 f5 2. Bg5 g6 3. h4 Bg7 4. Nf3 d6 5. e3 c5 6. c3 Qb6 7. Qc2 Nc6 8. Na3 e5
9. d5 Na5 10. Bb5+ Kf7 11. h5 a6 12. hxg6+ hxg6 13. Rxh8 Bxh8 14. Be2 Bd7 15.
O-O-O Qa7 16. Rh1 Bg7 17. Nh4 Nf6 18. Rd1 b5 19. Kb1 b4 20. Nc4 Nxc4 21. Bxc4
bxc3 22. bxc3 Ne4 23. Nf3 Qb6+ 24. Ka1 Qa5 25. Rb1 Bb5 26. Bxb5 axb5 27. Bh4
Nxc3 28. Ng5+ Kg8 0-1

[Event "XIX C.to Torinese Open"]
[Site "Torino ITA"]
[Date "2002.01.??"]
[Round "8"]
[White "Martin, Tiziano"]
[Black "De Barberis, Massimo"]
[Result "1-0"]
[WhiteElo "1849"]
[BlackElo "2102"]
[PlyCount "57"]
[EventDate "2002.01.21"]

1. d4 Nf6 2. Nf3 e6 3. Nbd2 d5 4. e3 Be7 5. Bd3 b6 6. Qe2 Bb7 7. O-O Ne4 8.
Bb5+ c6 9. Bd3 f5 10. Ne5 O-O 11. f3 Nxd2 12. Bxd2 c5 13. c3 Nd7 14. Nxd7 Qxd7
15. Be1 Rae8 16. Bg3 Bf6 17. f4 Bc6 18. Kh1 Rb8 19. Rg1 Kh8 20. Be1 Rg8 21. g4
g5 22. Bg3 gxf4 23. Bxf4 Rbe8 24. gxf5 Rxg1+ 25. Rxg1 e5 26. dxe5 d4+ 27. e4
Qxf5 28. exf6 Rxe4 29. Qg2 1-0